Gravity Falls Bill's Wheel - Statistics

General Stats
  • This quiz has been taken 344 times
  • The average score is 4 of 10
Answer Stats
Hint Answer % Correct
Dipper Pines Pine Tree
95%
Mabel Pines Shooting Star
90%
Soos Question Mark
89%
Wendy Bag of ice
47%
Robbie V Broken Heart
29%
Gideon Star with eye
17%
The 3 Journels Hand with 6 fingers
4%
Stanley Pair of glasses
2%
Pacifica The ilama
2%
Stanford Clawlike shape on his hat
1%
No matching quizzes found
Score Distribution
Percent of People with Each Score
Percentile by Number Answered
Your Score History
You have not taken this quiz